Players of the UEFA Women's EURO 2025 - Statistics

General Stats
  • This quiz has been taken 32 times
  • The average score is 6 of 16
Answer Stats
Picture Hint Answer % Correct
Spain Alexia Putellas
89%
England Alessia Russo
86%
Germany Giulia Gwinn
79%
Denmark Pernille Harder
71%
Poland Ewa Pajor
64%
Sweden Kosovare Asllani
64%
Norway Ingrid Syrstad Engen
61%
France Kadidiatou Diani
50%
Netherlands Lineth Beerensteyn
21%
Switzerland Ana-Maria Crnogorčević
18%
Wales Ceri Holland
11%
Italy Valentina Giacinti
11%
Finland Linda Sällström
7%
Portugal Carole Costa
4%
Iceland Dagný Brynjarsdóttir
0%
Belgium Tine De Caigny
0%
No matching quizzes found
Score Distribution
Percent of People with Each Score
Percentile by Number Answered
Your Score History
You have not taken this quiz